| 000 | 01118nam a2200313 i 4500 | ||
|---|---|---|---|
| 001 | bg | ||
| 245 | 0 | 0 |
_aEncyklopedia nauki i techniki. _n3, _pR-Ż / _ckom. red. przewodn. Jerzy Gronkowski ; [przygot. pod kier. Sybil P. Parker]. |
| 246 |
_iTyt. oryg.: _aMcGraw-Hill concise encyclopedia of science and technology |
||
| 260 |
_aWarszawa : _bPrószyński i S-ka, _c2003. |
||
| 300 |
_a768 s. : _bil. kolor., mapy ; _c30 cm. |
||
| 500 | _aTyt. oryg.: "McGraw-Hill concise encyclopedia of science and technology" 1984. | ||
| 650 | 9 | _aNauki przyrodnicze | |
| 650 | 9 | _aTechnika | |
| 655 | _aEncyklopedie | ||
| 700 | 1 |
_aGRONKOWSKI, Jerzy. _eRed. |
|
| 700 | 1 |
_aPARKER, Sybil P. _eRed. |
|
| 020 | _a8372550948 (t. 1) | ||
| 020 | _a8372550956 (t. 2) | ||
| 020 | _a8372551006 (t. 3) | ||
| 040 | _cBPK | ||
| 041 | 1 |
_apol _heng |
|
| 080 | _a5+62](03) | ||
| 920 | _a83-7255-094-8 (t. 1) | ||
| 920 | _a83-7255-095-6 (t. 2) | ||
| 920 | _a83-7255-100-6 (t. 3) | ||
| 942 | _cKS | ||
| 008 | s pl f |000 0 pol | ||
| 999 |
_c42957 _d42957 |
||
| 856 |
_uhttp://koha.tu.koszalin.pl/cgi-bin/koha/opac-detail.pl?biblionumber=42957 _yKatalog online BPK |
||